Návrh využitia CAD/CAM systémov pri ultrazvukovej kontrole zvarov z austenitických ocelí v podmienkach AE Jaslovské Bohunice

Salvato in:
Dettagli Bibliografici
Autore principale: Krajmer, Andrej (Autore)
Altri autori: Hodúlová, Erika (Relatore della tesi)
Natura: Manoscritto Libro
Lingua:slovacco
Pubblicazione: 2017
Soggetti:
Accesso online:http://is.stuba.sk/zp/portal_zp.pl?podrobnosti=126354
Tags: Aggiungi Tag
Nessun Tag, puoi essere il primo ad aggiungerne!!

MARC

LEADER 00000ntm a22000003a 4500
001 stuzp62762
003 SK-STU
005 20170610210701.2
007 ta
008 150427s2015----xo-----f-mn---000-0-slo-d
040 |a STU  |b slo 
041 0 |a slo 
100 1 |a Krajmer, Andrej  |u 063000  |k Z4  |4 aut  |U MTF Materiálovotechnologická fakulta  |T MTF Ústav výrobných technológií  |X 46033  |U M3000  |Y 83  |7 46033 
242 0 1 |a Design of CAD/CAM Systems for Ultrasonic Inspection of Austenitic Steel Welds under the Conditions of NPP Jaslovské Bohunice  |y eng 
245 1 0 |a Návrh využitia CAD/CAM systémov pri ultrazvukovej kontrole zvarov z austenitických ocelí v podmienkach AE Jaslovské Bohunice 
260 |c 2017 
650 4 |a Modelovanie  |2 slo 
650 4 |a Ultrazvuk  |2 slo 
650 4 |a CIVA 2016  |2 slo 
650 4 |a Modeling  |2 eng 
650 4 |a CIVA 2016  |2 eng 
650 4 |a Ultrasound  |2 eng 
700 1 |a Hodúlová, Erika  |u 063000  |k Z2  |4 ths  |U MTF Materiálovotechnologická fakulta  |T MTF Ústav výrobných technológií  |X 2765  |U M3000  |Y 83  |7 A000002765 
856 4 |u http://is.stuba.sk/zp/portal_zp.pl?podrobnosti=126354 
996 |c M* DP-13094  |l MMSKP  |s P  |a 0  |w stuzp62762_0001